IEEE Communications Society's Tutorials in modern communications /
Guardado en:
| Otros Autores: | , , |
|---|---|
| Formato: | Libro |
| Idioma: | English |
| Publicado: |
[Rockville, MD] :
Computer Science Press,
1983.
|
| Materias: | |
| Etiquetas: |
Agregar Etiqueta
Sin Etiquetas, Sea el primero en etiquetar este registro!
|
| LEADER | 01425cam a22003255a 4500 | ||
|---|---|---|---|
| 001 | EIQ.libpla001190 | ||
| 008 | 820716s1983####mduac####b####001#0#eng#d | ||
| 005 | 20060816180415.0 | ||
| 245 | 0 | 0 | |a IEEE Communications Society's Tutorials in modern communications / |c edited by Victor B. Lawrence, Joseph L. LoCicero, and Laurence B. Milstein. |
| 260 | |a [Rockville, MD] : |b Computer Science Press, |c 1983. | ||
| 300 | |a viii, 348 p. : |b il., fotos. ; |c 29 cm. | ||
| 504 | |a Incluye referencias bibliográficas e índices. | ||
| 020 | |a 091489448X | ||
| 700 | 1 | |a Lawrence, Victor B., |e ed. |4 edt | |
| 700 | 1 | |a LoCicero, Joseph L., |e ed. |4 edt | |
| 700 | 1 | |a Milstein, Laurence B., |e ed. |4 edt | |
| 740 | 0 | |a I.E.E.E. Communications Society's Tutorials in modern communications. | |
| 740 | 0 | |a Tutorials in modern communications. | |
| 082 | 0 | 0 | |a 621.38 |
| 650 | 4 | |a Comunicaciones digitales |x Ensayos, lecturas. | |
| 650 | 4 | |a Sistema transmisor de datos |x Ensayos, lecturas. | |
| 650 | 4 | |a Criptografía |x Ensayos, lecturas. | |
| 650 | 4 | |a Procesamiento de imagen |x Técnica digital. | |
| 650 | 4 | |a Digital communications |x Addresses, essays, lectures. | |
| 650 | 4 | |a Data transmission systems |x Addresses, essays, lectures. | |
| 650 | 0 | |a Image processing |x Digital techniques. | |
| 650 | 4 | |a Cryptography |x Addresses, essays, lectures. | |
| 010 | |a 82010599 | ||
| 040 | |a DLC |c DLC |d AR-BbSID | ||
| 859 | |a AR-BbSID |b BIB. PLAPIQUI |h 621.38 |i T 881 |p 2485 | ||
